000 01173nam a22002657a 4500
005 20240530110953.0
008 221218s2022 ua af g b 000 0 ara d
017 _a2021/20133
_bمصر. دار الكتب
020 _a97897776926127
040 _aEG-CaGPL
_cEG-CaGPL
082 0 4 _221
_a953.0728
_bأ ن
100 0 _aامانى قطب
245 1 2 _aالنظم المالية بالمغرب الاقصى فى عصر دولة بنى مرين :
_b668 - 869 هـ / 1269 - 1465 م /
_cامانى قطب
250 _aط.1
260 _aالاسكندرية :
_bدار الوفاء لدنيا الطباعة و النشر،
_c2022.
300 _a356 ص. :
_bايض ؛
_c24 سم.
504 _aيشتمل على ارجاعات ببليوجرافية
650 0 7 _2qrmak
_aبنى مرين
_xتاريخ
650 0 7 _2qrmak
_aبنى مرين
_xتاريخ
_xالسياسة المالية
650 0 7 _2qrmak
_aبنى مرين
_xالاحوال الاقتصادية
651 0 7 _2qrmak
_aالمغرب الاقصى
_xتاريخ
651 0 7 _2qrmak
_aالمغرب الاقصى
_xالاحوال الاقتصادية
942 _2ddc
_cBK
999 _c67039
_d67039